| 000 | 07776cam a2201501 4500 | ||
|---|---|---|---|
| 999 | _c56285 | ||
| 001 | 7147091 | ||
| 003 | LIBRIS | ||
| 005 | 20210304123537.0 | ||
| 008 | 011211s1985 sw |||||||||||000 f|swe| | ||
| 020 |
_a9100466417 _qINB. _c75:00 |
||
| 035 | _a(Bo)94403 | ||
| 035 | _a(Mo)b1256686 | ||
| 040 | _aNB | ||
| 041 | _aswe | ||
| 082 | 0 | 4 |
_a839.78 _222 (machine generated) |
| 084 |
_aHc _2kssb/5 |
||
| 084 |
_aHc.01 _2kssb/5 |
||
| 084 |
_aHc.01 _2kssb/6 |
||
| 084 |
_aHc.01 _2kssb/6 |
||
| 084 |
_aHc.01 _2kssb/6 |
||
| 084 |
_aHc.01 _2kssb/6 |
||
| 084 |
_aHc.01 _2kssb/8 |
||
| 084 |
_aHc _2kssb/5 |
||
| 084 |
_aHc _2kssb/5 |
||
| 084 |
_aHc.01 _2kssb/5 |
||
| 100 | 1 |
_aLagerkvist, Pär, _d1891-1974 _4aut _0https://libris.kb.se/mkz1wqj54bm5x3d#it |
|
| 245 | 1 | 4 |
_aDen svåra resan / _cPär Lagerkvist. |
| 264 | 1 |
_aStockholm : _bBonnier, _c1985 |
|
| 264 | 3 |
_aStockholm : _bBonnier |
|
| 300 |
_a94, [1] s. _c20 cm |
||
| 340 | _b20 cm | ||
| 500 | _aUtgör andra delen av förf:s Gäst hos verkligheten | ||
| 500 |
_5Bo _aAnnan upplaga kan finnas vid biblioteket |
||
| 500 |
_5Mo _aOriginalupplaga 1985 |
||
| 500 |
_5Mo _aAngående författarens härmed sammanhängande verk se: Gäst hos verkligheten |
||
| 500 |
_5Mo _asvenska |
||
| 500 |
_5Um _aSkönlitteratur. Annan uppl. kan finnas vid biblioteket |
||
| 541 | _5O | ||
| 655 | 4 |
_5Mo _aBok |
|
| 887 |
_a{"@id":"1jb6t2kc32t52p1","modified":"2015-09-02T10:04:22+02:00","checksum":"209792236839"} _2librisxl |
||
| 887 |
_a{"@id":"15c0cv8647hc9kq","modified":"2014-04-01T10:03:44+02:00","checksum":"25595311848"} _2librisxl |
||
| 887 |
_a{"@id":"pt03c66v163wn0v","modified":"2018-06-05T10:58:36.005+02:00","checksum":"31731869265"} _2librisxl |
||
| 887 |
_a{"@id":"qv14d77w1jgj1w6","modified":"2018-06-05T10:58:36.009+02:00","checksum":"26173524108"} _2librisxl |
||
| 887 |
_a{"@id":"sx36g99z3rtx8fz","modified":"2017-02-20T10:57:31+01:00","checksum":"51829239224"} _2librisxl |
||
| 887 |
_a{"@id":"z38cmgh44gs7vwp","modified":"2014-07-07T11:34:43+02:00","checksum":"34464827535"} _2librisxl |
||
| 887 |
_a{"@id":"tz617rg01p5mnmr","modified":"2015-09-06T10:32:55+02:00","checksum":"27884043954"} _2librisxl |
||
| 887 |
_a{"@id":"15bfpjk6118j0nc","modified":"2018-06-05T10:58:36.022+02:00","checksum":"28170282607"} _2librisxl |
||
| 887 |
_a{"@id":"26cgqkl722b0w2f","modified":"2018-06-05T10:58:36.025+02:00","checksum":"33031252736"} _2librisxl |
||
| 887 |
_a{"@id":"7cjmwqrd2b019k3","modified":"2018-06-05T10:58:36.032+02:00","checksum":"30934871936"} _2librisxl |
||
| 887 |
_a{"@id":"6bhlvpqc5s86wd3","modified":"2014-12-09T09:11:17+01:00","checksum":"31399138693"} _2librisxl |
||
| 887 |
_a{"@id":"lqw0834r07x5762","modified":"2009-12-14T10:50:48+01:00","checksum":"29491339402"} _2librisxl |
||
| 887 |
_a{"@id":"37dhrlm84n3zrxs","modified":"2004-03-29T16:39:47+02:00","checksum":"32044701022"} _2librisxl |
||
| 887 |
_a{"@id":"chnds02j19vkdbt","modified":"2003-05-02T15:50:53+02:00","checksum":"40923226845"} _2librisxl |
||
| 887 |
_a{"@id":"26dhmln74q4n17t","modified":"2010-02-02T14:58:29+01:00","checksum":"27525814282"} _2librisxl |
||
| 887 |
_a{"@id":"9flpzstg36mr6xj","modified":"2018-06-05T10:58:36.035+02:00","checksum":"22922500521"} _2librisxl |
||
| 887 |
_a{"@id":"nsz2b56t5639ptp","modified":"2008-08-28T11:23:10+02:00","checksum":"42892870850"} _2librisxl |
||
| 887 |
_a{"@id":"bgmq0tvh5r9fcc0","modified":"2018-06-05T10:58:36.037+02:00","checksum":"30745794861"} _2librisxl |
||
| 887 |
_a{"@id":"djps2wxk0ghph0g","modified":"2018-06-05T10:58:36.042+02:00","checksum":"31290330449"} _2librisxl |
||
| 887 |
_a{"@id":"15cp1fw619rsgcw","modified":"2011-12-06T12:51:57+01:00","checksum":"28109593088"} _2librisxl |
||
| 887 |
_a{"@id":"glrv4z0m5kjs57h","modified":"2018-06-05T10:58:36.045+02:00","checksum":"33635615023"} _2librisxl |
||
| 887 |
_a{"@id":"hmsw501n3c3mwhb","modified":"2007-10-16T09:55:43+02:00","checksum":"22950198820"} _2librisxl |
||
| 887 |
_a{"@id":"jntx612p58dd14b","modified":"2018-06-05T10:58:36.051+02:00","checksum":"31967498062"} _2librisxl |
||
| 887 |
_a{"@id":"kpvz723q2tx3jcb","modified":"2018-06-05T10:58:36.053+02:00","checksum":"35396912767"} _2librisxl |
||
| 887 |
_a{"@id":"6bkdcg7c4f2g9md","modified":"2015-08-13T13:28:56+02:00","checksum":"34429907528"} _2librisxl |
||
| 900 | 0 | s |
_6100 _d1891-1974 _uLagerkvist, Pär, _d1891-1974 |
| 900 | 1 | s |
_6100 _d1891-1974 _uLagerkvist, Pär, _d1891-1974 |
| 900 | 1 | s |
_6100 _d1891-1974 _uLagerkvist, Pär, _d1891-1974 |
| 900 | 1 | s |
_6100 _d1891-1974 _uLagerkvist, Pär, _d1891-1974 |
| 900 | 1 | s |
_6100 _d1891-1974 _uLagerkvist, Pär, _d1891-1974 |
| 900 | 1 | s |
_6100 _d1891-1974 _uLagerkvist, Pär, _d1891-1974 |
| 900 | 1 | s |
_6100 _d1891-1974 _uLagerkvist, Pär, _d1891-1974 |
| 900 | 1 | s |
_6100 _d1891-1974 _uLagerkvist, Pär, _d1891-1974 |
| 900 | 1 | s |
_6100 _d1891-1974 _uLagerkvist, Pär, _d1891-1974 |
| 900 | 1 | s |
_6100 _d1891-1974 _uLagerkvist, Pär, _d1891-1974 |
| 900 | 1 | s |
_6100 _d1891-1974 _uLagerkvist, Pär, _d1891-1974 |
| 900 | 1 | s |
_6100 _d1891-1974 _uLagerkvist, Pär, _d1891-1974 |
| 942 |
_2z _cBOOK |
||